000 00264nam a22001097a 4500
008 170120b xxu||||| |||| 00| 0 eng d
020 _a9780323018586
041 _aeng
080 _23RD
_a618.2
245 _aCULTURAL HEALTH ASSESSMENT
_cDAVANZO, C.E
942 _2udc
_cBK
999 _c3285
_d3285